000 00455nam a2200181Ia 4500
001 9652
005 20260306161734.0
008 260306t2001||||xx |||||||||||||| ||spa||
041 _aESP
082 _a387.7
_bS24
100 _aSánhez Pinedo, Luz Doris
_eAUT
245 0 _aRealidad del transporte aéreo:
_balcances y perspectivas
260 _c2001
300 _a45 páginas :
_c21 cm.
650 _aGEN
654 _aCHU
942 _cLIB
_dJUS
_fJUS
_2ddc
_n
999 _c9652
_d9652